| Tag |
First Indicator |
Second Indicator |
Subfields |
| LEADER |
00000cam a2200000Ii 4500 |
| 001 |
in00003487113 |
| 005 |
20150501161926.0 |
| 008 |
150116s2014 ru abc 000 0 rus d |
| 035 |
|
|
|a (OCoLC)ocn902623318
|
| 040 |
|
|
|a EVIEW
|b eng
|e rda
|c EVIEW
|d OCLCQ
|d TXA
|
| 066 |
|
|
|c (N
|
| 020 |
|
|
|a 9785824319361
|
| 020 |
|
|
|a 5824319367
|
| 035 |
|
|
|a (OCoLC)902623318
|
| 043 |
|
|
|a e-ur---
|
| 090 |
|
|
|a D550
|b .S67 2014
|
| 049 |
|
|
|a TXAM
|
| 100 |
1 |
|
|6 880-01
|a Sorokin, A. K.,
|e editor.
|
| 245 |
1 |
0 |
|6 880-02
|a Rossii︠a︡ v Velikoĭ voĭne 1914-1918 godov :
|b obrazy i teksty /
|c pod obshcheĭ redakt︠s︡ieĭ A.K. Sorokina, A.I︠U︡. Shutova.
|
| 264 |
|
1 |
|6 880-03
|a Moskva :
|b ROSSPĖN,
|c 2014.
|
| 300 |
|
|
|a 279 pages :
|b illustrations, portraits, maps ;
|c 27 cm
|
| 336 |
|
|
|a text
|b txt
|2 rdacontent
|
| 337 |
|
|
|a unmediated
|b n
|2 rdamedia
|
| 338 |
|
|
|a volume
|b nc
|2 rdacarrier
|
| 500 |
|
|
|6 880-04
|a At head of title: Rossiĭskoe obshchestvo politologov. Federalʹnoe arkhivnoe agenstvo, Rossiĭskiĭ gosudarstvennyĭ arkhiv sot︠s︡ialʹno-politicheskoĭ istorii. Moskovskiĭ gosudarstvennyĭ universitet im. M.V. Lomonosova, Fakulʹtet politologii.
|
| 650 |
|
0 |
|a World War, 1914-1918
|z Russia
|v Sources.
|
| 650 |
|
0 |
|a World War, 1914-1918
|x Campaigns
|z Eastern Front
|v Sources.
|
| 650 |
|
0 |
|a World War, 1914-1918
|x Participation, Russian
|v Sources.
|
| 651 |
|
0 |
|a Russia
|x History
|y Nicholas II, 1894-1917
|v Sources.
|
| 650 |
|
0 |
|a World War, 1914-1918
|x Participation, Russian
|v Pictorial works.
|
| 650 |
|
0 |
|a World War, 1914-1918
|z Russia
|v Pictorial works.
|
| 650 |
0 |
4 |
|a Military and naval history.
|
| 650 |
0 |
4 |
|a World War I (1914-1918)
|
| 700 |
1 |
|
|6 880-05
|a Shutov, A. I︠U︡.,
|d 1963-
|e editor.
|
| 710 |
2 |
|
|6 880-06
|a Rossiĭskoe obshchestvo politologov.
|
| 710 |
2 |
|
|6 880-07
|a Federalʹnoe arkhivnoe agentstvo (Russia)
|
| 710 |
2 |
|
|6 880-08
|a Rossiĭskiĭ gosudarstvennyĭ arkhiv sot︠s︡ialʹno-politicheskoĭ istorii.
|
| 710 |
2 |
|
|6 880-09
|a Moskovskiĭ gosudarstvennyĭ universitet im. M.V. Lomonosova.
|b Fakulʹtet politologii.
|
| 880 |
1 |
|
|6 100-01/(N
|a Сорокин, А. К.,
|e editor.
|
| 880 |
1 |
0 |
|6 245-02/(N
|a Россия в Великой войне 1914-1918 годов :
|b образы и тексты /
|c под общей редакцией А.К. Сорокина, А.Ю. Шутова.
|
| 880 |
|
1 |
|6 264-03/(N
|a Москва :
|b РОССПЭН,
|c 2014.
|
| 880 |
|
|
|6 500-04/(N
|a At head of title: Российское общество политологов. Федеральное архивное агенство, Российский государственный архив социально-политической истории. Московский государственный университет им. М.В. Ломоносова, Факультет политологии.
|
| 880 |
1 |
|
|6 700-05/(N
|a Шутов, А. Ю.,
|d 1963-
|e editor.
|
| 880 |
2 |
|
|6 710-06/(N
|a Российское общество политологов.
|
| 880 |
2 |
|
|6 710-07/(N
|a Федеральное архивное агентство (Russia)
|
| 880 |
2 |
|
|6 710-08/(N
|a Российский государственный архив социально-политической истории.
|
| 880 |
2 |
|
|6 710-09/(N
|a Московский государственный университет им. М.В. Ломоносова.
|b Факультет политологии.
|
| 938 |
|
|
|a East View Information Services
|b EAST
|n 1002583B
|
| 948 |
|
|
|a cataloged
|b h
|c 2015/5/1
|d c
|e spoltoratski
|f 4:19:15 pm
|
| 994 |
|
|
|a C0
|b TXA
|
| 999 |
f |
f |
|s e255c895-c80c-3d38-824e-c2415eaa6d65
|i 05706097-27b5-3d40-b529-9146d0a669a9
|t 0
|
| 952 |
f |
f |
|p normal
|a Texas A&M University
|b College Station
|c Sterling C. Evans Library
|d Evans: Library Stacks
|t 0
|e D550 .S67 2014
|h Library of Congress classification
|i unmediated -- volume
|m A14843045379
|
| 998 |
f |
f |
|a D550 .S67 2014
|t 0
|l Evans: Library Stacks
|